[Event "BAN-chT2"]
[Site "Dhaka"]
[Date "2022.07.18"]
[Round "1.2"]
[White "Shafiqul, Islam"]
[Black "Tashriq Saihan, Shan"]
[Result "1/2-1/2"]
[WhiteElo "1907"]
[BlackElo "1573"]
[PlyCount "70"]
[EventDate "2022.07.18"]
[EventType "team-swiss"]
[EventRounds "9"]
[EventCountry "BAN"]
[SourceTitle "EXT 2023"]
[Source "ChessBase"]
[SourceDate "2022.10.05"]
[SourceVersion "1"]
[SourceVersionDate "2022.10.05"]
[SourceQuality "1"]
[WhiteTeam "Shofi Uddin Shah Smrity Shansod"]
[BlackTeam "BD Chess In School"]
[WhiteTeamCountry "BAN"]
[BlackTeamCountry "BAN"]

1. b4 c6 2. c4 e6 3. a3 d5 4. e3 dxc4 5. Bxc4 b5 6. Be2 a5 7. bxa5 Rxa5 8. Bb2 Nf6 9. Qc2 Bb7 10. Nf3 Be7 11. 0-0 0-0 12. d4 h6 13. Nbd2 Nbd7 14. Nb3 Ra4 15. Rfd1 Qa8 16. Nc5 Nxc5 17. dxc5 Rd8 18. Ne5 Rd5 19. Rxd5 exd5 20. Rc1 Bc8 21. f3 Nd7 22. Qf5 Nf6 23. Qd3 Nd7 24. Nxd7 Bxd7 25. Bd1 Rc4 26. Rxc4 bxc4 27. Qc3 Bf6 28. Qb4 Bxb2 29. Qxb2 Qa5 30. Qb8+ Kh7 31. Bc2+ g6 32. Qb4 Qxb4 33. axb4 Kg7 34. Kf2 Kf6 35. Ke2 Ke5 1/2-1/2